| 000 | 00484cam a22001577a 4500 | ||
|---|---|---|---|
| 008 | 180718b1943 xxu||||| |||| 00| 0 eng d | ||
| 082 | _aB262x54 T548p | ||
| 100 | _aJinnah, M.A. | ||
| 245 |
_aPakistan and Muslim India _cby M.A. Jinnah |
||
| 260 |
_aBombay _bHome Study Circle _c1943 |
||
| 300 | _a213p | ||
| 650 | _aIndia --Politics and government --1919-1947. | ||
| 650 | _aNationalism --India | ||
| 650 | _aNationalism --Pakistan | ||
| 650 | _aMuslims --India --Political activity | ||
| 999 |
_c421050 _d421050 |
||